Ambassadors need not lie / (Record no. 136786)

MARC details
000 -LEADER
fixed length control field 00716nam a22002177a 4500
010 ## - LIBRARY OF CONGRESS CONTROL NUMBER
LC control number A-351351
020 ## - INTERNATIONAL STANDARD BOOK NUMBER
International Standard Book Number 8170620481
035 ## - SYSTEM CONTROL NUMBER
System control number A-351351
037 ## - SOURCE OF ACQUISITION
Source of stock number/acquisition Cen Lib / Ret
040 ## - CATALOGING SOURCE
Original cataloging agency DPL
Language of cataloging EN
082 ## - DEWEY DECIMAL CLASSIFICATION NUMBER
Classification number 327.54
Item number KAU
100 ## - MAIN ENTRY--PERSONAL NAME
Personal name Kaul, T. N.
245 ## - TITLE STATEMENT
Title Ambassadors need not lie /
Remainder of title some aspects of India's foreign policy
Statement of responsibility, etc by T. N. Kaul
260 ## - PUBLICATION, DISTRIBUTION, ETC. (IMPRINT)
Place of publication, distribution, etc New Delhi
Name of publisher, distributor, etc Lancer International
Date of publication, distribution, etc 1988
270 ## - ADDRESS
Address 3 South Thomes Studies 5-11 Lavington Street
City London
300 ## - PHYSICAL DESCRIPTION
Extent (v 1. viii, 200p)
Other physical details 24cm(Hb)
650 ## - SUBJECT ADDED ENTRY--TOPICAL TERM
Topical term or geographic name as entry element India -- Foreign relations -- 1947-1984.
650 ## - SUBJECT ADDED ENTRY--TOPICAL TERM
Topical term or geographic name as entry element India -- Foreign relations -- 1984-
650 ## - SUBJECT ADDED ENTRY--TOPICAL TERM
Topical term or geographic name as entry element Diplomatic relations.
942 ## - ADDED ENTRY ELEMENTS (KOHA)
Source of classification or shelving scheme Dewey Decimal Classification
Koha item type English Books
Classification part 327.54
Call number suffix KAU
Holdings
Withdrawn status Lost status Materials specified (bound volume or other part) Damaged status Not for loan Home library Current library Date acquired Source of acquisition Total Checkouts Full call number Barcode Date last seen Copy number Price effective from Koha item type Public note
Written off   v 1     Central Library Central Library 09/03/2016 Cen Lib/Ret   327.54 KAU A-351351 09/03/2016 1 09/03/2016 English Books W/d List No. 6895/7 ; dtd 17/10/2020

© Delhi Public Library
Hit Counter
free hit counter